Call of the Night, Band 01 (Titelsatznr. 1357)

[ MARC ]
MARC-Details
000 -LEADER
fixed length control field 02231nam a2200493 c 4500
001 - CONTROL NUMBER
control field 1932367071
003 - CONTROL NUMBER IDENTIFIER
control field DE-627
005 - DATE AND TIME OF LATEST TRANSACTION
control field 20250930111519.0
007 - PHYSICAL DESCRIPTION FIXED FIELD--GENERAL INFORMATION
fixed length control field cr uuu---uuuuu
008 - FIXED-LENGTH DATA ELEMENTS--GENERAL INFORMATION
fixed length control field 250801s2023 xx |||||o 00| ||ger c
020 ## - INTERNATIONAL STANDARD BOOK NUMBER
International Standard Book Number 9783842085541
Terms of availability EPUB
024 7# - OTHER STANDARD IDENTIFIER
Standard number or code urn:nbn:de:gbv:18-epflicht-22562
Source of number or code urn
035 ## - SYSTEM CONTROL NUMBER
System control number (DE-627)1932367071
035 ## - SYSTEM CONTROL NUMBER
System control number (DE-599)KEP117424870
035 ## - SYSTEM CONTROL NUMBER
System control number (EPFHH)e1044aa7-3025-4377-b480-9f3337fe4d4c
035 ## - SYSTEM CONTROL NUMBER
System control number (EPFHH-TOKYOPOP)1039530959_9783842085541
035 ## - SYSTEM CONTROL NUMBER
System control number (DE-627-1)117424870
040 ## - CATALOGING SOURCE
Original cataloging agency DE-627
Language of cataloging ger
Transcribing agency DE-627
Description conventions rda
041 ## - LANGUAGE CODE
Language code of text/sound track or separate title ger
Language code of original jpn
072 #7 - SUBJECT CATEGORY CODE
Subject category code 9182
Source wsb
082 04 - DEWEY DECIMAL CLASSIFICATION NUMBER
Classification number 741.5
Assigning agency DE-576
245 00 - TITLE STATEMENT
Title Call of the Night, Band 01
Statement of responsibility, etc. Kotoyama
264 #1 - PRODUCTION, PUBLICATION, DISTRIBUTION, MANUFACTURE, AND COPYRIGHT NOTICE
Place of production, publication, distribution, manufacture Hamburg
Name of producer, publisher, distributor, manufacturer TOKYOPOP Verlag
Date of production, publication, distribution, manufacture, or copyright notice 2023
300 ## - PHYSICAL DESCRIPTION
Extent 1 Online-Ressource (192 S.)
336 ## - CONTENT TYPE
Content type term Text
Content type code txt
Source rdacontent
337 ## - MEDIA TYPE
Media type term Computermedien
Media type code c
Source rdamedia
338 ## - CARRIER TYPE
Carrier type term Online-Ressource
Carrier type code cr
Source rdacarrier
490 0# - SERIES STATEMENT
Series statement Call of the Night
Volume/sequential designation 1
520 ## - SUMMARY, ETC.
Summary, etc. Kou Yamori hat die Mittelschule satt. Ohne eine sinnvolle Beschäftigung treibt ihn die überschüssige Energie nachts heimlich durch die Straßen. Dabei stößt er auf die exzentrische Nazuna Nanakusa, die ihm Hilfe bei seiner Schlaflosigkeit anbietet – und ihm dann das Blut aussaugt! Zu seiner Enttäuschung verwandelt sich Kou selbst allerdings nicht in einen Vampir. Nazuna eröffnet ihm, dass das nur geschehen könne, wenn er sich in sie verlieben würde. Auch wenn Kou sich fragt, wie ihm das gelingen soll, ist er entschlossen, die Bedingung zu erfüllen, und wird fortan zu Nazunas Begleiter …
583 1# - ACTION NOTE
Action Archivierung/Langzeitarchivierung gewährleistet
Authorization PEHH
Action agent DE-576
Source of term pdager
Institution to which field applies DE-18
650 #4 - SUBJECT ADDED ENTRY--TOPICAL TERM
Topical term or geographic name entry element Mystery
650 #4 - SUBJECT ADDED ENTRY--TOPICAL TERM
Topical term or geographic name entry element Romance
650 #4 - SUBJECT ADDED ENTRY--TOPICAL TERM
Topical term or geographic name entry element Slice of Life
650 #4 - SUBJECT ADDED ENTRY--TOPICAL TERM
Topical term or geographic name entry element Supernatural
650 #4 - SUBJECT ADDED ENTRY--TOPICAL TERM
Topical term or geographic name entry element Vampire
951 ## - EQUIVALENCE OR CROSS-REFERENCE--GEOGRAPHIC NAME/AREA NAME [OBSOLETE] [CAN/MARC only]
Geographic name BO
700 0# - ADDED ENTRY--PERSONAL NAME
Personal name Kotoyama
Relator term VerfasserIn
Relationship aut
776 1# - ADDITIONAL PHYSICAL FORM ENTRY
International Standard Book Number 9783842079311
776 1# - ADDITIONAL PHYSICAL FORM ENTRY
International Standard Book Number 9783842079311
776 08 - ADDITIONAL PHYSICAL FORM ENTRY
Relationship information Erscheint auch als
Note Druck-Ausgabe
International Standard Book Number 9783842079311
776 08 - ADDITIONAL PHYSICAL FORM ENTRY
Relationship information Erscheint auch als
Note Druck-Ausgabe
International Standard Book Number 9783842079311
856 40 - ELECTRONIC LOCATION AND ACCESS
Uniform Resource Identifier <a href="https://nbn-resolving.org/urn:nbn:de:gbv:18-epflicht-22562">https://nbn-resolving.org/urn:nbn:de:gbv:18-epflicht-22562</a>
Contact for access assistance X:EPF
Electronic format type application/epub+zip
Public note lizenzpflichtig
942 ## - ADDED ENTRY ELEMENTS (KOHA)
Source of classification or shelving scheme Dewey Decimal Classification
Koha item type Manga
Suppress in OPAC No
Exemplare
Withdrawn status Lost status Source of classification or shelving scheme Damaged status Not for loan Home library Current library Shelving location Date acquired Total checkouts Barcode Date due Date last seen Date last checked out Price effective from Koha item type
    Dewey Decimal Classification     Bunte Manga Potsdam Bunte Manga Potsdam Mystery 09/30/2025 2 1339 05/23/2026 04/17/2026 04/17/2026 09/30/2025 Manga

Powered by Koha